000 00723nab a22002297a 4500
001 08331
003 HDC
007 cr bn ---aaaaa
008 210128c20160229my ||||| |||| 00| 0 may d
040 _aHDC
245 0 _aLabel rawatan, makanan sunah gugat akidah
336 _atext
_2rdacontent
337 _acomputer
_2rdamedia
338 _aonline resource
_2rdacarrier
650 _aFaith (Islam)
_98829
650 _aFood
_xReligious aspect
_xIslam
_97432
710 _aBerita Harian
856 _zRequest full-text at [email protected]
942 _2lcc
942 _cNEWS
942 _kNWSC 002113
999 _c5654
_d5654